000 00585nam a22002297a 4500
001 3732
003 FISKH
005 20240425103356.0
008 240425b cb ||||| |||| 00| 0 eng d
040 _aFISKH
_beng
_cFISKH
_dFISKH
050 _aPZ7
082 _a372.46
100 _aAnonymous
245 _aPhonics 1 /
260 _aVictoria :
_bFuture Ace,
_c2020.
300 _a22 unnumbered pages :
_bcolor illustrations ;
_c10 cm
500 _aBoard book
520 _aPhonics and pictures are introduced.
650 _aPhonics
942 _2ddc
_cBK
_n0
999 _c3732
_d3732